[Event "Sao Bernardo do Campo op"]
[Site "Sao Bernardo do Campo"]
[Date "2012.09.15"]
[Round "3"]
[White "De Moura, Iago Gomes"]
[Black "Serafim, Arnor Jr"]
[Result "0-1"]
[WhiteElo "1785"]
[BlackElo "1865"]
[PlyCount "88"]
[EventDate "2012.09.14"]
[EventType "swiss"]
[EventRounds "6"]
[EventCountry "BRA"]
[SourceTitle "CBM 150 Extra"]
[Source "ChessBase"]
[SourceDate "2012.10.19"]
[SourceVersion "1"]
[SourceVersionDate "2012.10.19"]
[SourceQuality "1"]

1. e4 c5 2. Nf3 e6 3. d3 Nc6 4. g3 g6 5. Bg2 Bg7 6. 0-0 Nge7 7. c3 0-0 8. Nbd2 d5 9. Re1 Qc7 10. a3 b6 11. Nf1 Bb7 12. exd5 Nxd5 13. Ne3 Rad8 14. Nxd5 exd5 15. Bf4 Qc8 16. Qd2 Rfe8 17. Ng5 Rxe1+ 18. Rxe1 h6 19. Bh3 f5 20. Ne6 Re8 21. Nxg7 Rxe1+ 22. Qxe1 Kxg7 23. Bg2 Qd7 24. h4 d4 25. c4 h5 26. b4 Nd8 27. Qe5+ Kh7 28. Bxb7 Nxb7 29. b5 Na5 30. Kf1 Nb3 31. Ke2 Kg8 32. Qb8+ Kf7 33. Qc7 Ke6 34. Qe5+ Kf7 35. Bg5 Qe6 36. Qxe6+ Kxe6 37. Bd2 Nxd2 38. Kxd2 f4 39. Ke2 Kf5 40. Kf3 g5 41. hxg5 fxg3 42. Kxg3 Kxg5 43. a4 h4+ 44. Kf3 Kf5 0-1